Inteligentný zavlažovací systém do odľahlých oblastí bez infraštruktúry

Salvato in:
Dettagli Bibliografici
Autore principale: Morvayová, Pavlína (Autore)
Altri autori: Dzurilla, Michal (Relatore della tesi)
Natura: Manoscritto Libro
Lingua:slovacco
Pubblicazione: 2019
Soggetti:
Accesso online:http://is.stuba.sk/zp/portal_zp.pl?podrobnosti=144720
Tags: Aggiungi Tag
Nessun Tag, puoi essere il primo ad aggiungerne!!

MARC

LEADER 00000ntm a22000003a 4500
001 stuzp74588
003 SK-STU
005 20190608213230.7
007 ta
008 150427s2015----xo-----f-mn---000-0-slo-d
040 |a STU  |b slo 
041 0 |a slo 
100 1 |a Morvayová, Pavlína  |u 020010  |k Z4  |4 aut  |U SjF Strojnícka fakulta  |T SjF Ústav aplikovanej mechaniky a mechatroniky  |X 76726  |U J0010  |Y 801  |7 76726 
242 0 1 |a Intelligent irrigation system for remote areas without infrastructure  |y eng 
245 1 0 |a Inteligentný zavlažovací systém do odľahlých oblastí bez infraštruktúry 
260 |c 2019 
650 4 |a solárna energia  |2 slo 
650 4 |a zavlažovanie  |2 slo 
650 4 |a Arduino  |2 slo 
650 4 |a veterná turbína s vertikálnou osou  |2 slo 
650 4 |a veterná energia  |2 slo 
650 4 |a solar energy  |2 eng 
650 4 |a irrigation  |2 eng 
650 4 |a wind energy  |2 eng 
650 4 |a vertical axis wind turbine  |2 eng 
650 4 |a Arduino  |2 eng 
700 1 |a Dzurilla, Michal  |u 020010  |k Z2  |4 ths  |U SjF Strojnícka fakulta  |T SjF Ústav aplikovanej mechaniky a mechatroniky  |X 68105  |U J0010  |Y 801  |7 A000068105 
856 4 |u http://is.stuba.sk/zp/portal_zp.pl?podrobnosti=144720